Statistiques concernant Les départements les plus pauvres de France

Cliquez ici pour prendre le quiz!

Statistiques générales

  • Ce quiz a été pris 470 fois
  • Le résultat moyen est 7 sur 10

Statistiques - réponses

RégionRevenus moyens par foyer (en €)Département% Correct
Corse21 283Haute-Corse
89%
Hauts-de-France21 179Pas-de-Calais
88%
Île-de-France21 213Seine-Saint-Denis
88%
Nouvelle-Aquitaine19 265Creuse
78%
Occitanie20 996Lozère
74%
Auvergne-Rhône-Alpes20 903Cantal
71%
Occitanie20 144Ariège
64%
Occitanie20 388Aude
62%
Nouvelle-Aquitaine21 276Dordogne
57%
Occitanie21 181Pyrénées-Orientales
55%

Distribution des résultats

Percentile par nombre de réponses

% des personnes avec chaque résultat

Votre développement - résultats

Vous n’avez pas pris ce quiz